Представление документа в формате RUSMARC

ПолеНазваниеЗначение
  Тип записи a
  Библиографический уровень a
001 Контрольный номер RU/УОНБ/EK_Kray/649855656
005 Дата корректировки 20240131004815.1
100 Данные общей обработки __
a Данные общей обработки 20200804d2020 ||| 0rusy0189 ca
101 Язык документа 0_
a Язык текста rus
102 Страна публикации __
a Страна публикации RU
105 Кодированные данные (монография) __
a Кодированные данные (монография) y###||||000|y
200 Заглавие и сведения об ответственности 1_
a Заглавие Щедрый дар души благородной
f Первые сведения об ответственности Любовь Моржанова
215 Физическое описание __
c Иллюстрации/тип воспроизводства 4 фот.
330 Аннотация __
a Аннотация Пребывание писателя К. Г. Паустовского в Базарном Сызгане в 1914 г. В 2004 г. его имя присвоено библиотеке села.
461 Уровень набора _0
1 2000
a Симбирскъ
1 011
463 Уровень физической единицы _0
1 001RU/УОНБ/EK_Kray/649849153
1 2000
a № 3
v С. 29-30
1 210
d 2020
600 Персоналии _1
a Персоналии (Фамилия) Паустовский, Константин Георгиевич
600 Персоналии _1
a Персоналии (Фамилия) Пирогов, Анатолий Алексеевич
601 Наименование организации как предмет __
a Наименование организации как предмет Базарносызганская районная библиотека
610 Ключевые слова 0_
a Ключевые слова писатели
610 Ключевые слова 0_
a Ключевые слова Паустовский К. Г. в Базарном Сызгане
610 Ключевые слова 0_
a Ключевые слова Библиотека им К.Г. Паустовского
686 Индексы других классификаций __
a Классификационный индекс 83.3-8
2 Код системы rubbk
700 Автор _1
a Фамилия Моржанова
b Имя (инициалы) Л.
g Полное личное имя Любовь
4 Код отношения 070
801 Источник записи _0
a Страна RU
b Организация Ульяновская ОНБ
c Дата составления 20200804
g Правила каталогизации RCR
801 Источник записи _1
a Страна RU
b Организация Ульяновская ОНБ
c Дата составления 20200804
g Правила каталогизации RCR
901 Тип документа __
t Тип документа b
w Контрольный № источника RU/УОНБ/EK_Kray/649849153
909 Создатель записи __
a Создатель записи Бороденкова
938 Служебная информация __
a Имя БД kraeved_work
b Имя библиотеки УОНБ
c Имя АИБС МАРК-SQL
d Номер DOC_ID в БД 140663